Testimonio Poético Nº 2 (Record no. 25328)

MARC details
000 -LEADER
campo de control de longitud fija 00384nam a2200121Ia 4500
008 - DATOS DE LONGITUD FIJA--INFORMACIÓN GENERAL
campo de control de longitud fija 231129s1982||||xx |||||||||||||| ||spa||
082 ## - NÚMERO DE LA CLASIFICACIÓN DECIMAL DEWEY
Número de clasificación ER- 588
100 ## - ENTRADA PRINCIPAL--NOMBRE DE PERSONA
Nombre de persona APER- Asociación de Poetas y Escritores del Risaralda. (Personerí­a Jurí­dica 1782 agosto 26 de 1981)
245 #0 - MENCIÓN DEL TÍTULO
Título Testimonio Poético Nº 2
260 ## - PUBLICACIÓN, DISTRIBUCIÓN, ETC.
Fecha de publicación, distribución, etc. 1982
264 ## - PRODUCCIÓN, PUBLICACIÓN, DISTRIBUCIÓN, FABRICACIÓN Y COPYRIGHT
Producción, publicación, distribución, fabricación y copyright Pereira: [s.no.] 1982
942 ## - ELEMENTOS DE ENTRADA SECUNDARIOS (KOHA)
Fuente del sistema de clasificación o colocación Clasificación Decimal Dewey
Tipo de ítem Koha
Holdings
Estatus retirado Estado de pérdida Fuente del sistema de clasificación o colocación Estado de daño No para préstamo Biblioteca de origen Biblioteca actual Fecha de adquisición Total de préstamos Signatura topográfica completa Código de barras Visto por última vez Copia número Precio de reemplazo Tipo de ítem Koha
    Clasificación Decimal Dewey     BIBLIOTECA PÚBLICA MUNICIPAL RAMON CORREA MEJIA BIBLIOTECA PÚBLICA MUNICIPAL RAMON CORREA MEJIA 18/10/2018   ER- 588 ER-588 29/11/2023 1 29/11/2023 Libros

Powered by Koha